Co-governed Sovereignty Network (Record no. 16255)

MARC details
000 -LEADER
fixed length control field 00551nam a2200121Ia 4500
008 - FIXED-LENGTH DATA ELEMENTS--GENERAL INFORMATION
fixed length control field 220615s9999||||xx |||||||||||||| ||und||
100 ## - MAIN ENTRY--PERSONAL NAME
Personal name Li, Hui||Yang, Xin
245 #0 - TITLE STATEMENT
Title Co-governed Sovereignty Network
Remainder of title Legal Basis and Its Prototype & Applications with MIN Architecture
546 ## - LANGUAGE NOTE
Language note English[eng]
650 ## - SUBJECT ADDED ENTRY--TOPICAL TERM
Topical term or geographic name entry element Cyber Space Management and Network security||Computer Network Applications||Cyberspace Legal theory||Sovereignty Network||Blockchain
856 ## - ELECTRONIC LOCATION AND ACCESS
Uniform Resource Identifier <a href="https://library.oapen.org/bitstream/20.500.12657/50440/1/978-981-16-2670-8.pdf">https://library.oapen.org/bitstream/20.500.12657/50440/1/978-981-16-2670-8.pdf</a>
942 ## - ADDED ENTRY ELEMENTS (KOHA)
Koha item type E-Books
Holdings
Withdrawn status Lost status Damaged status Not for loan Home library Current library Date acquired Total Checkouts Date last seen Price effective from Koha item type
        Kerala University of Digital Sciences, Innovation and Technology Knowledge Centre Kerala University of Digital Sciences, Innovation and Technology Knowledge Centre 15/06/2022   15/06/2022 15/06/2022 E-Books